Estado de exceȯ̂ a forma jurd̕ica do neoliberalismo /

Detalles Bibliográficos
Autor principal: Garrigues Gimňez, Amparo
Formato: eBook
Lenguaje:portugués
Publicado: San Pablo: Editora ContraCorrente, 2018
Materias:
Acceso en línea:Acceso restringido

MARC

LEADER 00000nam a22000007a 4500
005 20191011004051.0
007 cr|||| ||||
008 191011s2018 br |||||s|||| 00||0 por d
020 |a 978-85-69220-28-2 
035 |a 30531 
040 |a vLex 
090 |c 9798  |d 9798 
100 1 |a Garrigues Gimňez, Amparo 
245 1 0 |a Estado de exceȯ̂  |h [Recurso electrn̤ico] :  |b a forma jurd̕ica do neoliberalismo /  |c Amparo Garrigues Gimňez 
256 |a Servicio en ln̕ea 
260 |a San Pablo:  |b Editora ContraCorrente,  |c 2018 
300 |a 1 recurso electrn̤ico 
506 1 |a Disponible solo en los productos indicados  |d vLex Global  |d vLex Global (Academic Edition, excluding Law Schools)  |d vLex Global (U.S. Academic Edition, Law Schools)  |d vLex Global (U.S. Academic Edition, excluding Law Schools)  |d vLex Global (Academic Edition, Law Schools) 
650 0 4 |a Derecho Constitucional  |z Brasil 
740 0 |a vLex Libros (Servicio en ln̕ea) 
856 4 0 |u http://vlex.com/source/estado-exce-o-forma-juridica-neoliberalismo-30531  |z Acceso restringido 
942 |c BOOK 
999 0 |a Constitutional right